| 000 | 00000nas##2200000za#4500 |
| 001 | 9.508585 |
| 003 | CaOODSP |
| 005 | 20200325101157 |
| 007 | ta |
| 008 | 150406c1995||||xxc|| p #||||f| |0fre|d |
| 022 | |a1483-2852 |
| 040 | |aCaOODSP|bfre |
| 041 | |aeng |
| 041 | |afre |
| 043 | |an-cn--- |
| 086 | 1 |aMP32-27 |
| 110 | 1 |aCanada.|bDéveloppement des ressources humaines Canada. |bDirection générale de la recherche appliquée. |
| 245 | 13|aLa recherche appliquée |
| 260 | |aOttawa - Ontario : |bDéveloppement des ressources humaines Canada. |
| 310 | |aTrimestriel |
| 500 | |a«Le Bulletin de la recherche appliquée est un document de Développement des ressources humaines Canada. Il résume le travail récent de recherche et d'analyse réalisé principalement sous l'égide de la Direction générale de la recherche appliquée de Politique stratégique.» |
| 520 | 3 |aLe Bulletin de la recherche appliquée est un document de Développement des ressources humaines Canada. Il résume le travail récent de recherche et d'analyse réalisé principalement sous l'égide de la Direction générale de la recherche appliquée de Politique stratégique |
| 546 | |aBilingue |
| 776 | 0#|tLa recherche appliquée |w(CaOODSP)9.503556 |
| 776 | 0#|tApplied research bulletin |w(CaOODSP)9.507166 |
| 791 | |tApplied research bulletin |eeng|w(CaOODSP)9.508584 |